000 00606nam a2200205Ia 4500
005 20250508164516.0
008 008 250505s9999 xx 000 0 hin d
037 _aTextual
040 _aFEDL
_beng
_cFEDL
041 _ahin
_2eng
084 _a333.7, AGA
_qFEDL
245 0 _aHarey-bharey gaon ki oure: Janta ki bhagidari se gaon ke paryavaran ka vikas kaise ho? ek ranneeti
245 0 _cCentre for Science and Environoment
260 _c1991
300 _aviii,52p.
546 _aMACESE
650 _aNatural resources
942 _cTEXL
_h333.7, AGA
999 _c1389491
_d1389491